| 000 | 00352nam a22001337a 4500 | ||
|---|---|---|---|
| 008 | 180921b xxu||||| |||| 00| 0 eng d | ||
| 020 | _a9780683064971 | ||
| 041 | _aeng | ||
| 080 |
_23 ED _a618 |
||
| 100 | _a10 | ||
| 101 | _aGJI | ||
| 245 |
_aClinical Injuries And Complications Of Gynecology Obstetric Surgery _cNichols.D.H |
||
| 942 |
_2udc _cBK |
||
| 999 |
_c48157 _d48157 |
||